=LDR 00000nam 2200000 4500 =001 INLIS000000000050141 =005 20200929092727 =035 ##$$a 0010-041700000000331 =008 200929################g##########0#ind## =020 ##$$a 978 - 979 - 1283 - 984 =040 ##$$a NBPDMAT =082 ##$$a 306.4 =090 ##$$a 306.4 Atm a =100 ##$$a Atmaja, Nengah Bawa =245 1#$$a Ajeg Bali : $b Gerakan , identitas kultural dan globalisasi /$c Prof. Dr. Nengah Bawa Atmadja, MA. =250 ##$$a Cet. 2 =260 ##$$a Yogyakarta :$b LKS,$c 2013 =300 ##$$a xxv, 550 hlm. ; $c 21 x 14 cm. =650 #4$$a Budaya, Bali =084 ##$$a 306.4 ATM a =990 ##$$a 31700323 =990 ##$$a 31700324